FOUNDATIONS OF SOFTWARE AND SYSTEM PERFORMANCE ENGINEERING (Record no. 216995)

MARC details
000 -LEADER
fixed length control field 00557nam a22001697a 4500
008 - FIXED-LENGTH DATA ELEMENTS--GENERAL INFORMATION
fixed length control field 260417b |||||||| |||| 00| 0 eng d
020 ## - INTERNATIONAL STANDARD BOOK NUMBER
International Standard Book Number 13-978-0-321-83382-2
050 ## - LIBRARY OF CONGRESS CALL NUMBER
Classification number QA 76.9 .E94 B66 2015
100 ## - MAIN ENTRY--PERSONAL NAME
Personal name BONDI, ANDRE
245 ## - TITLE STATEMENT
Title FOUNDATIONS OF SOFTWARE AND SYSTEM PERFORMANCE ENGINEERING
260 ## - PUBLICATION, DISTRIBUTION, ETC.
Place of publication, distribution, etc. BOSTON
Name of publisher, distributor, etc. WESLEY
Date of publication, distribution, etc. 2015
300 ## - PHYSICAL DESCRIPTION
Extent XXXI,411P ILL
500 ## - GENERAL NOTE
General note INCLUDES BIBLOGRAPHIC DESCRIPTION INDEX
650 ## - SUBJECT ADDED ENTRY
Topical term or geographic name entry element PROCESS,PERFORMANCE MODELING REQUIREMENTS TESTING SCALABILITY AND PRACTICE
942 ## - ADDED ENTRY ELEMENTS (KOHA)
Source of classification or shelving scheme Library of Congress Classification
Koha item type Long Loan Book
Holdings
Withdrawn status Lost status Source of classification or shelving scheme Damaged status Not for loan Collection Home library Current library Shelving location Date acquired Inventory number Total checkouts Full call number Barcode Date last seen Copy number Price effective from Koha item type
    Library of Congress Classification     Science & Technology Kisii University Library Kisii University Library On Display 04/17/2026 112771   QA 76.9 E94 B66 2015 A001622 04/17/2026 C.2 04/17/2026 Long Loan Book
    Library of Congress Classification     Science & Technology Kisii University Library Kisii University Library On Display 04/17/2026 112770   QA 76.9 E94 B66 2015 A001619 04/17/2026 C.1 04/17/2026 Long Loan Book
    Library of Congress Classification     Science & Technology Kisii University Library Kisii University Library On Display 04/17/2026 112772   QA 76.9 E94 B66 2015 A001624 04/17/2026 C.3 04/17/2026 Long Loan Book